[Event "DVM U14 2018"]
[Site "Magdeburg GER"]
[Date "2018.12.28"]
[Round "3"]
[White "Wagner, Margarethe"]
[Black "Tolstorukova, Amelie"]
[Result "1-0"]
[Termination "normal"]
[Board "7.3"]
[WhiteElo "1693"]
[BlackElo "1174"]
[WhiteTeam "Erfurter SK"]
[BlackTeam "SK Freiburg-Zähringen"]
[PlyCount "65"]
[WhiteFideId "16236947"]
[BlackFideId "16255496"]
[EventCountry "GER"]
[EventRounds "7"]
[EventType "team-swiss"]
[EventDate "2018.12.26"]

1. e4 e6 2. d4 d5 3. e5 c5 4. c3 Qb6 5. Nf3 Nc6 6. a3 a5 7. Bd3 Bd7 8. Bc2 c4
9. Nbd2 f6 10. exf6 gxf6 11. Qe2 Nge7 12. Rb1 Bg7 13. Nf1 e5 14. dxe5 fxe5 15.
Ng3 Ng6 16. Nh5 Rg8 17. Ng5 O-O-O 18. O-O Nf8 19. Nf7 Bh8 20. Nxd8 Qxd8 21. Ng3
Ne6 22. Bxh7 Rg7 23. Bf5 Nf4 24. Bxd7+ Kxd7 25. Qf3 Qh4 26. Bxf4 exf4 27. Qxd5+
Kc7 28. Nf5 Rd7 29. Qxd7+ Kxd7 30. Nxh4 Kc7 31. Rfe1 Ne5 32. Rbd1 Kb8 33. Rd8+
1-0

[Event "DVM U14 2018"]
[Site "Magdeburg GER"]
[Date "2018.12.28"]
[Round "3"]
[White "Trimpin, Fynn"]
[Black "Seinsoth, Paul"]
[Result "0-1"]
[Termination "normal"]
[Board "7.4"]
[WhiteElo "1190"]
[BlackElo "1536"]
[WhiteTeam "SK Freiburg-Zähringen"]
[BlackTeam "Erfurter SK"]
[PlyCount "102"]
[WhiteFideId "16255500"]
[BlackFideId "12994634"]
[EventCountry "GER"]
[EventRounds "7"]
[EventType "team-swiss"]
[EventDate "2018.12.26"]

1. e4 c5 2. d4 cxd4 3. c3 dxc3 4. Nxc3 e6 5. Nf3 a6 6. Bc4 d6 7. O-O Nf6 8. Re1
b5 9. Bb3 Nc6 10. a4 Rb8 11. e5 dxe5 12. Qxd8+ Nxd8 13. Nxe5 b4 14. Ne2 Bb7 15.
Ng3 Be7 16. Bf4 Rc8 17. Rac1 Nc6 18. Red1 Nxe5 19. Rxc8+ Bxc8 20. Bxe5 O-O 21.
Bc4 Rd8 22. Rxd8+ Bxd8 23. Bd6 a5 24. Kf1 Bb6 25. f3 Bb7 26. Ne2 Nd5 27. Ke1
Ne3 28. Bb3 Nxg2+ 29. Kd2 Bxf3 30. Ng3 Bb7 31. Bc4 Ne3 32. b3 Nf5 33. Nxf5 exf5
34. Kd3 g5 35. Ke2 f4 36. Kf1 f3 37. Be7 h6 38. Bd6 Be4 39. Bg3 Kg7 40. Ke1 f5
41. Kf1 f4 42. Be1 g4 43. Bd2 Bc7 44. Be1 g3 45. hxg3 fxg3 46. Bd2 g2+ 47. Kg1
Bb6+ 48. Kh2 g1=Q+ 49. Kh3 Qg2+ 50. Kh4 Bf2+ 51. Kh5 Bg6# 0-1

[Event "DVM U14 2018"]
[Site "Magdeburg GER"]
[Date "2018.12.28"]
[Round "3"]
[White "Meier, Silas"]
[Black "Gallasch, Jonas"]
[Result "1/2-1/2"]
[Termination "normal"]
[Board "8.1"]
[WhiteElo "1758"]
[BlackElo "2101"]
[WhiteTeam "Schachakademie Paderborn"]
[BlackTeam "SG Porz"]
[PlyCount "63"]
[WhiteFideId "16210662"]
[BlackFideId "16222474"]
[EventCountry "GER"]
[EventRounds "7"]
[EventType "team-swiss"]
[EventDate "2018.12.26"]

1. d4 Nf6 2. Nf3 d5 3. Bf4 c5 4. e3 Nc6 5. c3 Qb6 6. Qb3 c4 7. Qc2 Bf5 8. Qc1
e6 9. Be2 h6 10. h3 Be7 11. Nbd2 Qd8 12. Ne5 Nxe5 13. Bxe5 O-O 14. O-O Nd7 15.
Bh2 b5 16. Re1 Nb6 17. Bf3 Bd6 18. e4 Bxh2+ 19. Kxh2 Bh7 20. Re3 Qd6+ 21. e5
Qe7 22. Qe1 Rfc8 23. Bd1 Rab8 24. Rg3 Kh8 25. Nf1 Nd7 26. a3 Rb6 27. Ne3 Nb8
28. Qd2 Nc6 29. Bc2 a5 30. f4 Nb8 31. f5 Nd7 32. Rf1 1/2-1/2

[Event "DVM U14 2018"]
[Site "Magdeburg GER"]
[Date "2018.12.28"]
[Round "3"]
[White "Sabirov, Rafael"]
[Black "Yin, Haode"]
[Result "1-0"]
[Termination "normal"]
[Board "8.2"]
[WhiteElo "1571"]
[BlackElo "1696"]
[WhiteTeam "SG Porz"]
[BlackTeam "Schachakademie Paderborn"]
[PlyCount "101"]
[WhiteFideId "16241185"]
[BlackFideId "16261348"]
[EventCountry "GER"]
[EventRounds "7"]
[EventType "team-swiss"]
[EventDate "2018.12.26"]

1. e4 e6 2. d4 d5 3. Nc3 Nf6 4. Bd3 c5 5. dxc5 Bxc5 6. Bg5 h6 7. Bh4 g5 8. Bg3
dxe4 9. Bxe4 Ke7 10. Bd3 a6 11. Be5 Nbd7 12. Bg3 Bb4 13. Nge2 Nd5 14. O-O Bxc3
15. Nxc3 Nxc3 16. bxc3 Nc5 17. f4 f5 18. Qe2 Nxd3 19. cxd3 Qe8 20. fxg5 Qg6 21.
Qe5 Rg8 22. gxh6 Qf6 23. Qd6+ Kf7 24. h7 Rd8 25. Qc7+ Bd7 26. Be5 Qe7 27. h8=Q
Rxh8 28. Bxh8 Rxh8 29. Qxb7 Kf6 30. Qxa6 Qc5+ 31. d4 Qc7 32. g3 Rg8 33. Qd3 Bc6
34. Qe3 Be4 35. Qxe4 Qxc3 36. Qe5+ Kf7 37. Rae1 Rg6 38. a4 Rh6 39. a5 Qd2 40.
Rf2 Qd3 41. d5 Qb3 42. dxe6+ Ke8 43. Qxf5 Rf6 44. Qc5 Rxf2 45. Qxf2 Qb7 46.
Qf7+ Qxf7 47. exf7+ Kd7 48. f8=Q Kc7 49. Qf6 Kd7 50. Re7+ Kd8 51. Qf8# 1-0

[Event "DVM U14 2018"]
[Site "Magdeburg GER"]
[Date "2018.12.28"]
[Round "3"]
[White "Nourzad, Shayan"]
[Black "Kogan, Gabriel"]
[Result "1-0"]
[Termination "normal"]
[Board "8.3"]
[WhiteElo "1628"]
[BlackElo "1536"]
[WhiteTeam "Schachakademie Paderborn"]
[BlackTeam "SG Porz"]
[PlyCount "57"]
[WhiteFideId "16274890"]
[BlackFideId "16238265"]
[EventCountry "GER"]
[EventRounds "7"]
[EventType "team-swiss"]
[EventDate "2018.12.26"]

1. d4 Nf6 2. Nf3 g6 3. c4 Bg7 4. Nc3 O-O 5. e4 d6 6. Be2 e5 7. d5 a5 8. h3 Na6
9. Be3 Nd7 10. g4 Nac5 11. Nd2 a4 12. Qc2 Nb6 13. O-O-O a3 14. b3 Bd7 15. h4
Qc8 16. Rdg1 h6 17. Qd1 Re8 18. g5 h5 19. Kb1 Ra6 20. Ka1 Ra8 21. Nf1 Re7 22.
Ng3 Na6 23. Bxh5 gxh5 24. Nxh5 Be8 25. Nf6+ Kf8 26. Qh5 Rd7 27. Qh7 Ke7 28.
Qxg7 Nb4 29. Ng8+ 1-0

[Event "DVM U14 2018"]
[Site "Magdeburg GER"]
[Date "2018.12.28"]
[Round "3"]
[White "Laudwein, Jakob"]
[Black "Hencke, Lenny"]
[Result "0-1"]
[Termination "normal"]
[Board "8.4"]
[WhiteElo "1431"]
[BlackElo "1193"]
[WhiteTeam "SG Porz"]
[BlackTeam "Schachakademie Paderborn"]
[PlyCount "104"]
[WhiteFideId "16258487"]
[BlackFideId "16274911"]
[EventCountry "GER"]
[EventRounds "7"]
[EventType "team-swiss"]
[EventDate "2018.12.26"]

1. d4 Nf6 2. c4 g6 3. Nc3 d5 4. Bf4 Bg7 5. e3 O-O 6. Nf3 c6 7. Qb3 e6 8. Bd3
Re8 9. h3 Re7 10. O-O Ne8 11. cxd5 exd5 12. Qa3 Nd7 13. Bc2 Ndf6 14. Ne2 h6 15.
Ng3 Ne4 16. Nxe4 dxe4 17. Ne5 g5 18. Bh2 h5 19. Bxe4 f6 20. Bxc6 fxe5 21. Bf3
g4 22. hxg4 Bxg4 23. Qb3+ Kh8 24. Be4 exd4 25. Bxb7 Rxb7 26. Qxb7 Nf6 27. exd4
Qg8 28. Be5 h4 29. Rac1 h3 30. Rfe1 hxg2 31. Qxg2 Re8 32. Qh2+ Bh5 33. Bxf6
Rxe1+ 34. Rxe1 Bxf6+ 35. Kf1 Qc4+ 36. Kg1 Qg8+ 37. Kf1 Qc4+ 38. Re2 Qxe2+ 39.
Kg1 Bxd4 40. Qb8+ Kh7 41. Qc7+ Bg7 42. Qf4 Qg4+ 43. Qxg4 Bxg4 44. b3 Bb2 45.
Kf1 Bf5 46. Ke1 Bb1 47. Kd2 Kg6 48. a4 a5 49. f3 Kf5 50. Kd1 Kf4 51. Ke2 Bc2
52. Kd2 Bxb3 0-1

[Event "DVM U14 2018"]
[Site "Magdeburg GER"]
[Date "2018.12.28"]
[Round "3"]
[White "Schuh, Robert"]
[Black "Kirchner, Markus"]
[Result "1/2-1/2"]
[Termination "normal"]
[Board "9.1"]
[WhiteElo "1512"]
[BlackElo "1928"]
[WhiteTeam "FVS ASP Hoyerswerda"]
[BlackTeam "SF Schöneck"]
[PlyCount "52"]
[WhiteFideId "16215990"]
[BlackFideId "12979163"]
[EventCountry "GER"]
[EventRounds "7"]
[EventType "team-swiss"]
[EventDate "2018.12.26"]

1. d4 f5 2. Bf4 Nf6 3. e3 g6 4. h3 Bg7 5. Nf3 O-O 6. Be2 d6 7. O-O Qe8 8. Bh2
Kh8 9. c3 h6 10. h4 Nbd7 11. Qc2 Ng4 12. Nbd2 Ndf6 13. Nc4 Nxh2 14. Nxh2 Be6
15. Nd2 c6 16. a4 a5 17. b3 Qf7 18. Nhf3 Bd5 19. c4 Be4 20. Nxe4 Nxe4 21. Rad1
Nf6 22. Bd3 Rae8 23. e4 fxe4 24. Bxe4 Nxe4 25. Qxe4 Qf5 26. Rfe1 Qxe4 1/2-1/2

[Event "DVM U14 2018"]
[Site "Magdeburg GER"]
[Date "2018.12.28"]
[Round "3"]
[White "Pomrehn, Ole Magnus"]
[Black "Wende, Hugo"]
[Result "1/2-1/2"]
[Termination "normal"]
[Board "9.2"]
[WhiteElo "1503"]
[BlackElo "1573"]
[WhiteTeam "SF Schöneck"]
[BlackTeam "FVS ASP Hoyerswerda"]
[PlyCount "135"]
[WhiteFideId "16232704"]
[BlackFideId "16220030"]
[EventCountry "GER"]
[EventRounds "7"]
[EventType "team-swiss"]
[EventDate "2018.12.26"]

1. g3 d5 2. Bg2 c5 3. c4 Nf6 4. cxd5 Nxd5 5. Nc3 e6 6. Nxd5 exd5 7. Qb3 d4 8.
Bxb7 Bxb7 9. Qxb7 Nd7 10. d3 Be7 11. Nf3 O-O 12. O-O Nb6 13. Ne5 Bd6 14. Nc4
Nxc4 15. dxc4 Re8 16. Qf3 Rb8 17. Qd3 Qe7 18. e3 dxe3 19. Bxe3 Rxb2 20. a3 Rd8
21. Qf5 Be5 22. Rad1 Bd4 23. Bxd4 cxd4 24. c5 g6 25. Qd3 Qxc5 26. Rfe1 Rc2 27.
Qf3 d3 28. Qf6 Qd4 29. Qxd4 Rxd4 30. Re8+ Kg7 31. Kg2 d2 32. Re2 Ra2 33. a4 a5
34. Kf3 Raxa4 35. Rdxd2 Rxd2 36. Rxd2 Ra3+ 37. Ke4 a4 38. Kd4 Kf6 39. Kc4 Kg5
40. h3 h5 41. Rd5+ Kh6 42. Rd2 g5 43. Kb4 Ra1 44. Rd3 a3 45. Rd6+ Kg7 46. Rd3
a2 47. Kb3 Rf1 48. Kxa2 Rxf2+ 49. Kb3 g4 50. hxg4 hxg4 51. Kc4 f5 52. Kd4 Kf6
53. Ke3 Ra2 54. Rd2 Ra4 55. Rd4 Rxd4 56. Kxd4 Ke6 57. Ke3 Ke5 58. Ke2 f4 59.
gxf4+ Kxf4 60. Kf2 g3+ 61. Kg2 Kg4 62. Kg1 Kf3 63. Kf1 Kg4 64. Kg2 Kh4 65. Kg1
Kg5 66. Kg2 Kg4 67. Kg1 Kf3 68. Kf1 1/2-1/2

[Event "DVM U14 2018"]
[Site "Magdeburg GER"]
[Date "2018.12.28"]
[Round "3"]
[White "Schuh, Ramon"]
[Black "Tiggemann, Felix"]
[Result "0-1"]
[Termination "normal"]
[Board "9.3"]
[WhiteElo "1307"]
[BlackElo "1510"]
[WhiteTeam "FVS ASP Hoyerswerda"]
[BlackTeam "SF Schöneck"]
[PlyCount "78"]
[WhiteFideId "16215982"]
[BlackFideId "16221966"]
[EventCountry "GER"]
[EventRounds "7"]
[EventType "team-swiss"]
[EventDate "2018.12.26"]

1. d4 d5 2. Bf4 e6 3. e3 c5 4. c3 Qb6 5. Qb3 Bd7 6. Nf3 Nc6 7. Nbd2 Nf6 8. Be2
Nh5 9. Bg3 Nxg3 10. hxg3 Be7 11. O-O-O h6 12. Qxb6 axb6 13. Kb1 c4 14. e4 b5
15. a3 Ra7 16. Rhe1 O-O 17. exd5 exd5 18. Ne5 Bf5+ 19. Kc1 Rfa8 20. g4 Bh7 21.
Nb1 Bg5+ 22. Nd2 Nxe5 23. dxe5 Be4 24. f3 Bg6 25. g3 Be3 26. Rh1 b6 27. Rh3 Rd8
28. f4 Be4 29. f5 Re7 30. b4 cxb3 31. Bxb5 Rxe5 32. Kb2 Bc2 33. Nc4 Bxd1 34.
Nxe5 d4 35. Nc6 dxc3+ 36. Kxc3 Rc8 37. Kb2 Kf8 38. Rh1 Bf3 39. Re1 Bd2 0-1

[Event "DVM U14 2018"]
[Site "Magdeburg GER"]
[Date "2018.12.28"]
[Round "3"]
[White "Albrecht, Samuel"]
[Black "Friedrich, Eddie"]
[Result "1/2-1/2"]
[Termination "normal"]
[Board "9.4"]
[WhiteElo "1062"]
[BlackElo "1142"]
[WhiteTeam "SF Schöneck"]
[BlackTeam "FVS ASP Hoyerswerda"]
[PlyCount "47"]
[WhiteFideId "16274920"]
[BlackFideId "16274946"]
[EventCountry "GER"]
[EventRounds "7"]
[EventType "team-swiss"]
[EventDate "2018.12.26"]

1. e4 e5 2. Nf3 Nf6 3. Nc3 d6 4. h3 Be7 5. Bc4 O-O 6. O-O Be6 7. Bxe6 fxe6 8.
d3 Nc6 9. Bg5 h6 10. Bh4 Nd4 11. Nxd4 exd4 12. Ne2 c5 13. Re1 Nd7 14. Bxe7 Qxe7
15. Qd2 Rf7 16. Ng3 b6 17. c3 e5 18. Re2 Raf8 19. c4 Nf6 20. Rf1 Nh7 21. b3 Qe6
22. Qb2 Qg6 23. Kh2 Qg5 24. Qd2 1/2-1/2

[Event "DVM U14 2018"]
[Site "Magdeburg GER"]
[Date "2018.12.28"]
[Round "3"]
[White "Schröter, Christopher"]
[Black "Glinzner, Alva"]
[Result "1/2-1/2"]
[Termination "normal"]
[Board "10.1"]
[WhiteElo "1453"]
[BlackElo "1889"]
[WhiteTeam "1. SC Anhalt"]
[BlackTeam "Lübecker SV"]
[PlyCount "84"]
[WhiteFideId "16274970"]
[BlackFideId "16206169"]
[EventCountry "GER"]
[EventRounds "7"]
[EventType "team-swiss"]
[EventDate "2018.12.26"]

1. d4 Nf6 2. g3 e6 3. Bg2 d5 4. Nf3 Be7 5. O-O O-O 6. Nbd2 c6 7. c4 Re8 8. Qc2
Nbd7 9. e4 dxe4 10. Nxe4 Nb6 11. c5 Nbd5 12. Re1 Qc7 13. Ne5 Bd7 14. Nc4 Red8
15. Ned6 Be8 16. Bd2 b6 17. b4 b5 18. Nxe8 Nxe8 19. Ne5 Bf6 20. a3 Qb7 21. Qb2
Nec7 22. Rad1 Rac8 23. Bc1 Ne8 24. Qb3 Qa8 25. Bb2 a5 26. Ra1 a4 27. Qc2 Qb7
28. Rad1 g6 29. Re2 Bg7 30. Bc1 Qe7 31. Qb2 h6 32. h3 Nef6 33. Kh2 Kh7 34. Qc2
Qc7 35. Bb2 Qb7 36. Ree1 Rc7 37. Qb1 Qc8 38. Kg1 Rf8 39. Qc1 Qd8 40. Bh1 Ng8
41. Qc2 Nge7 42. Bg2 Nf5 1/2-1/2

[Event "DVM U14 2018"]
[Site "Magdeburg GER"]
[Date "2018.12.28"]
[Round "3"]
[White "Bornholdt, Joa Max"]
[Black "Böhm, Florian"]
[Result "1-0"]
[Termination "normal"]
[Board "10.2"]
[WhiteElo "1649"]
[BlackElo "1443"]
[WhiteTeam "Lübecker SV"]
[BlackTeam "1. SC Anhalt"]
[PlyCount "85"]
[WhiteFideId "16253477"]
[BlackFideId "16274989"]
[EventCountry "GER"]
[EventRounds "7"]
[EventType "team-swiss"]
[EventDate "2018.12.26"]

1. d4 e6 2. c4 d5 3. cxd5 exd5 4. Nc3 Nf6 5. Bg5 c6 6. Qc2 g6 7. e3 Bg7 8. Bd3
O-O 9. Nge2 Nbd7 10. O-O Qc7 11. b4 Re8 12. Rfc1 Nf8 13. Bxf6 Bxf6 14. Nxd5 Qd6
15. Nxf6+ Qxf6 16. Ng3 Be6 17. Qd2 Nd7 18. b5 Rec8 19. bxc6 Rxc6 20. Be4 Rb6
21. Rc7 Qd8 22. Rxb7 Rxb7 23. Bxb7 Rb8 24. Bf3 Nf6 25. h3 Bd5 26. Bxd5 Qxd5 27.
Qc3 Qb7 28. a4 Rc8 29. Qa3 Rc2 30. Rc1 Qc6 31. Rxc2 Qxc2 32. Qe7 Nh5 33. Nxh5
gxh5 34. Qxa7 Qc1+ 35. Kh2 Qc2 36. Qb8+ Kg7 37. a5 Qc6 38. Qe5+ f6 39. Qc5 Qb7
40. Qb6 Qa8 41. a6 Kg6 42. Qb1+ Kh6 43. Qb7 1-0

[Event "DVM U14 2018"]
[Site "Magdeburg GER"]
[Date "2018.12.28"]
[Round "3"]
[White "Lautenschläger, Friedrich"]
[Black "Silini, Jalel"]
[Result "0-1"]
[Termination "normal"]
[Board "10.3"]
[WhiteElo "1364"]
[BlackElo "1717"]
[WhiteTeam "1. SC Anhalt"]
[BlackTeam "Lübecker SV"]
[PlyCount "138"]
[WhiteFideId "16274997"]
[BlackFideId "16215397"]
[EventCountry "GER"]
[EventRounds "7"]
[EventType "team-swiss"]
[EventDate "2018.12.26"]

1. d4 d5 2. c4 dxc4 3. e4 Nf6 4. Nc3 e6 5. Bg5 Be7 6. Bxc4 Nbd7 7. Nf3 a6 8. a4
b6 9. O-O Bb7 10. Re1 O-O 11. Rb1 c6 12. b4 b5 13. axb5 cxb5 14. Bf1 Rc8 15.
Bxf6 Nxf6 16. Qd2 Qc7 17. Re3 Ng4 18. Rd3 Nf6 19. Re3 Rfd8 20. h3 Qc6 21. e5
Nd5 22. Nxd5 Qxd5 23. Bd3 Rc7 24. Be4 Qc4 25. Bxb7 Rxb7 26. Qc3 Rc7 27. Qxc4
Rxc4 28. Reb3 h6 29. g4 Rdc8 30. Kg2 Rc3 31. Rxc3 Rxc3 32. Ra1 Rc6 33. Rb1 Rc4
34. Ra1 Bxb4 35. Rxa6 Bc3 36. Kf1 Bxd4 37. Nxd4 Rxd4 38. Rb6 Rd5 39. f4 Rd1+
40. Ke2 Rb1 41. f5 exf5 42. gxf5 b4 43. h4 b3 44. Kd2 b2 45. Kc2 Rf1 46. Kxb2
Rxf5 47. e6 fxe6 48. Rxe6 Rf4 49. h5 Rf5 50. Kc3 Rxh5 51. Kd2 Rf5 52. Ke3 Kf7
53. Re4 g5 54. Rg4 h5 55. Rg2 Kg6 56. Rf2 Rxf2 57. Kxf2 Kf5 58. Kf3 g4+ 59. Kg3
Kg5 60. Kg2 Kf4 61. Kf2 g3+ 62. Kg2 Kg4 63. Kg1 Kf3 64. Kh1 g2+ 65. Kg1 h4 66.
Kh2 Kf2 67. Kh3 g1=Q 68. Kxh4 Qg6 69. Kh3 Qg3# 0-1

[Event "DVM U14 2018"]
[Site "Magdeburg GER"]
[Date "2018.12.28"]
[Round "3"]
[White "Maas, Kolja"]
[Black "Kopvillem, Mikhail"]
[Result "1-0"]
[Termination "normal"]
[Board "10.4"]
[WhiteElo "1573"]
[BlackElo "1089"]
[WhiteTeam "Lübecker SV"]
[BlackTeam "1. SC Anhalt"]
[PlyCount "75"]
[WhiteFideId "16220420"]
[BlackFideId "16275004"]
[EventCountry "GER"]
[EventRounds "7"]
[EventType "team-swiss"]
[EventDate "2018.12.26"]

1. e4 e5 2. Nf3 Nc6 3. Bb5 Nf6 4. O-O Bb4 5. a3 Ba5 6. b4 Bb6 7. Bb2 d6 8. Nc3
Bg4 9. Nd5 Nxe4 10. Nxb6 axb6 11. d4 O-O 12. Bxc6 bxc6 13. dxe5 Bxf3 14. gxf3
Ng5 15. exd6 cxd6 16. Kh1 Kh8 17. Rg1 Rg8 18. Rg3 c5 19. Qd2 f6 20. Rag1 Ra7
21. Qf4 Qe7 22. h4 Ne6 23. Qd2 Rd7 24. Re1 Qf7 25. Reg1 Qe7 26. f4 Qf7 27. f5
Nc7 28. Qe2 Rf8 29. Qg4 Ne8 30. h5 h6 31. c4 cxb4 32. axb4 d5 33. cxd5 Qxd5+
34. Qf3 Qc4 35. Rg4 Qd5 36. R4g3 Qc4 37. Kh2 Qxb4 38. Ba3 1-0

[Event "DVM U14 2018"]
[Site "Magdeburg GER"]
[Date "2018.12.28"]
[Round "4"]
[White "Sulayev, Daniel"]
[Black "Stockmann, Till"]
[Result "1-0"]
[Termination "normal"]
[Board "1.1"]
[WhiteElo "2061"]
[BlackElo "1856"]
[WhiteClock "00:27:30"]
[BlackClock "00:17:14"]
[WhiteTeam "SV Empor Berlin"]
[BlackTeam "Schachzwerge Magdeburg"]
[PlyCount "63"]
[WhiteFideId "12977675"]
[BlackFideId "12979341"]
[EventCountry "GER"]
[EventRounds "7"]
[EventType "team-swiss"]
[EventDate "2018.12.26"]

1. e4 {[%clk 1:29:56]} c5 {[%clk 1:30:19]} 2. Nf3 {[%clk 1:30:10]} g6 {[%clk
1:30:22]} 3. d4 {[%clk 1:30:12]} cxd4 {[%clk 1:30:44]} 4. Nxd4 {[%clk 1:30:35]}
Nf6 {[%clk 1:30:41]} 5. Nc3 {[%clk 1:27:32]} d6 {[%clk 1:30:00]} 6. g3 {[%clk
1:27:03]} Bd7 {[%clk 1:22:21]} 7. Bg2 {[%clk 1:26:50]} Nc6 {[%clk 1:22:17]} 8.
Nde2 {[%clk 1:24:49]} Bg7 {[%clk 1:19:03]} 9. O-O {[%clk 1:24:42]} O-O {[%clk
1:18:02]} 10. b3 {[%clk 1:18:50]} Rc8 {[%clk 1:13:07]} 11. Bb2 {[%clk 1:18:56]}
a6 {[%clk 1:10:27]} 12. a4 {[%clk 1:12:44]} Nb8 {[%clk 1:05:21]} 13. Nd4 {[%clk
1:02:32]} Bc6 {[%clk 1:03:36]} 14. Nd5 {[%clk 1:01:14]} Bxd5 {[%clk 0:57:59]}
15. exd5 {[%clk 0:58:29]} Nbd7 {[%clk 0:55:01]} 16. Re1 {[%clk 0:56:39]} Nb6
{[%clk 0:53:06]} 17. c4 {[%clk 0:55:34]} Re8 {[%clk 0:50:07]} 18. Qd2 {[%clk
0:52:14]} Nbd7 {[%clk 0:47:21]} 19. Bc3 {[%clk 0:49:08]} Nc5 {[%clk 0:42:46]}
20. Ba5 {[%clk 0:46:42]} b6 {[%clk 0:42:18]} 21. Bc3 {[%clk 0:46:37]} Qd7
{[%clk 0:36:03]} 22. Qc2 {[%clk 0:42:33]} e5 {[%clk 0:30:51]} 23. dxe6 {[%clk
0:39:00]} Nxe6 {[%clk 0:29:39]} 24. Qb2 {[%clk 0:38:18]} Nc5 {[%clk 0:26:32]}
25. Rxe8+ {[%clk 0:38:07]} Nxe8 {[%clk 0:26:48]} 26. a5 {[%clk 0:36:00]} bxa5
{[%clk 0:22:04]} 27. Rxa5 {[%clk 0:36:06]} Rb8 {[%clk 0:22:17]} 28. Ra3 {[%clk
0:32:27]} Qg4 {[%clk 0:20:37]} 29. Bf3 {[%clk 0:31:40]} Qg5 {[%clk 0:19:25]}
30. Nc6 {[%clk 0:30:16]} Rb6 {[%clk 0:18:10]} 31. b4 {[%clk 0:27:31]} Qf5
{[%clk 0:17:14]} 32. Ne7+ {[%clk 0:27:30]} 1-0

[Event "DVM U14 2018"]
[Site "Magdeburg GER"]
[Date "2018.12.28"]
[Round "4"]
[White "Morgenstern, Tobias"]
[Black "Breitzmann, Sander"]
[Result "0-1"]
[Termination "normal"]
[Board "1.2"]
[WhiteElo "1734"]
[BlackElo "1845"]
[WhiteClock "00:15:16"]
[BlackClock "00:37:23"]
[WhiteTeam "Schachzwerge Magdeburg"]
[BlackTeam "SV Empor Berlin"]
[PlyCount "86"]
[WhiteFideId "12974390"]
[BlackFideId "12987085"]
[EventCountry "GER"]
[EventRounds "7"]
[EventType "team-swiss"]
[EventDate "2018.12.26"]

1. e4 {[%clk 1:30:58]} e5 {[%clk 1:30:49]} 2. Nf3 {[%clk 1:31:20]} Nc6 {[%clk
1:31:08]} 3. Bb5 {[%clk 1:31:47]} a6 {[%clk 1:31:27]} 4. Ba4 {[%clk 1:32:12]}
Nf6 {[%clk 1:31:48]} 5. O-O {[%clk 1:32:16]} Nxe4 {[%clk 1:32:10]} 6. d4 {[%clk
1:32:23]} b5 {[%clk 1:32:35]} 7. Bb3 {[%clk 1:32:44]} d5 {[%clk 1:33:02]} 8.
dxe5 {[%clk 1:33:04]} Be6 {[%clk 1:33:29]} 9. Qe2 {[%clk 1:33:02]} Be7 {[%clk
1:32:52]} 10. Rd1 {[%clk 1:32:20]} Na5 {[%clk 1:30:42]} 11. Nbd2 {[%clk
1:24:42]} Nxd2 {[%clk 1:27:12]} 12. Bxd2 {[%clk 1:23:04]} Nxb3 {[%clk 1:27:25]}
13. axb3 {[%clk 1:23:21]} O-O {[%clk 1:26:56]} 14. Nd4 {[%clk 1:17:00]} Bc5
{[%clk 1:20:12]} 15. Be3 {[%clk 1:01:52]} Bb6 {[%clk 1:15:33]} 16. Nc6 {[%clk
0:48:19]} Qd7 {[%clk 1:15:05]} 17. Nb4 {[%clk 0:47:57]} d4 {[%clk 0:58:54]} 18.
Bf4 {[%clk 0:36:13]} c5 {[%clk 0:55:11]} 19. Nxa6 {[%clk 0:31:09]} Qc6 20. b4
{[%clk 0:26:53]} c4 {[%clk 0:53:29]} 21. Nc5 {[%clk 0:25:29]} Bxc5 {[%clk
0:53:43]} 22. bxc5 {[%clk 0:25:52]} Qxc5 {[%clk 0:53:56]} 23. Qf3 {[%clk
0:24:22]} Bd5 {[%clk 0:51:18]} 24. Qg3 {[%clk 0:24:07]} Be4 {[%clk 0:40:03]}
25. e6 {[%clk 0:19:27]} Qd5 {[%clk 0:35:00]} 26. Rxa8 {[%clk 0:14:47]} Rxa8
{[%clk 0:35:13]} 27. Be5 {[%clk 0:13:24]} Bg6 {[%clk 0:33:23]} 28. exf7+ {[%clk
0:12:23]} Kxf7 {[%clk 0:32:41]} 29. Bxd4 {[%clk 0:09:01]} Re8 {[%clk 0:28:55]}
30. c3 {[%clk 0:08:10]} Qe4 {[%clk 0:27:57]} 31. f3 {[%clk 0:03:31]} Qe2 {[%clk
0:19:21]} 32. Qf4+ {[%clk 0:03:44]} Kg8 {[%clk 0:19:45]} 33. Qd2 {[%clk
0:04:11]} Bd3 {[%clk 0:19:19]} 34. Qxe2 {[%clk 0:02:22]} Rxe2 {[%clk 0:19:47]}
35. Ra1 {[%clk 0:02:18]} g5 {[%clk 0:19:06]} 36. Ra7 {[%clk 0:01:34]} Bg6
{[%clk 0:18:07]} 37. Rb7 {[%clk 0:01:06]} Rxb2 {[%clk 0:18:28]} 38. h3 {[%clk
0:00:57]} Kf8 {[%clk 0:17:29]} 39. Kh2 {[%clk 0:00:55]} Bd3 {[%clk 0:17:11]}
40. Kg3 {[%clk 0:00:33]} Bf1 {[%clk 0:15:24]} 41. Kg4 {[%clk 0:17:37]} Rxg2+
{[%clk 0:44:34]} 42. Kf5 {[%clk 0:17:58]} Rg3 {[%clk 0:37:13]} 43. Rxh7 {[%clk
0:15:16]} Bd3+ {[%clk 0:37:23]} 0-1

[Event "DVM U14 2018"]
[Site "Magdeburg GER"]
[Date "2018.12.28"]
[Round "4"]
[White "Beer, Ludwig"]
[Black "Joppich, Til"]
[Result "0-1"]
[Termination "normal"]
[Board "1.3"]
[WhiteElo "1549"]
[BlackElo "1889"]
[WhiteClock "00:13:52"]
[BlackClock "00:23:31"]
[WhiteTeam "SV Empor Berlin"]
[BlackTeam "Schachzwerge Magdeburg"]
[PlyCount "62"]
[WhiteFideId "16202813"]
[BlackFideId "16232917"]
[EventCountry "GER"]
[EventRounds "7"]
[EventType "team-swiss"]
[EventDate "2018.12.26"]

1. e4 {[%clk 1:30:56]} e5 {[%clk 1:30:39]} 2. Nf3 {[%clk 1:31:20]} Nc6 {[%clk
1:31:04]} 3. Bc4 {[%clk 1:31:43]} Bc5 {[%clk 1:31:25]} 4. c3 {[%clk 1:32:06]}
Nf6 {[%clk 1:31:50]} 5. d3 {[%clk 1:32:31]} d6 {[%clk 1:31:59]} 6. Nbd2 {[%clk
1:32:26]} a6 {[%clk 1:32:07]} 7. Bb3 {[%clk 1:32:49]} Ba7 {[%clk 1:32:16]} 8.
O-O {[%clk 1:32:41]} O-O {[%clk 1:30:14]} 9. Re1 {[%clk 1:32:19]} Ng4 {[%clk
1:28:22]} 10. Re2 {[%clk 1:32:11]} Kh8 {[%clk 1:28:39]} 11. Nf1 {[%clk
1:13:56]} f5 {[%clk 1:23:43]} 12. Ne3 {[%clk 1:07:05]} Bd7 {[%clk 1:10:21]} 13.
exf5 {[%clk 0:48:25]} Bxf5 {[%clk 1:08:24]} 14. Nxf5 {[%clk 0:48:38]} Rxf5
{[%clk 1:08:49]} 15. Be6 {[%clk 0:49:00]} Nxf2 {[%clk 0:54:30]} 16. Rxf2 {[%clk
0:49:22]} Bxf2+ {[%clk 0:54:28]} 17. Kxf2 {[%clk 0:49:48]} Rf8 {[%clk 0:48:49]}
18. Kg1 {[%clk 0:43:26]} Qe8 {[%clk 0:41:26]} 19. Bb3 {[%clk 0:36:46]} Ne7
{[%clk 0:36:07]} 20. Be3 {[%clk 0:30:29]} Nf5 {[%clk 0:35:30]} 21. Qe2 {[%clk
0:28:20]} e4 {[%clk 0:32:01]} 22. dxe4 {[%clk 0:19:50]} Qxe4 {[%clk 0:26:04]}
23. Re1 {[%clk 0:20:05]} Rae8 {[%clk 0:25:05]} 24. Kf2 {[%clk 0:19:32]} Nxe3
{[%clk 0:24:52]} 25. Qxe3 {[%clk 0:19:30]} Qh4+ {[%clk 0:25:12]} 26. Kg1 {[%clk
0:15:50]} Rxe3 {[%clk 0:24:09]} 27. Rxe3 {[%clk 0:16:17]} Qf4 {[%clk 0:22:55]}
28. Re7 {[%clk 0:14:14]} Qc1+ {[%clk 0:23:04]} 29. Kf2 {[%clk 0:14:37]} Qxb2+
{[%clk 0:23:23]} 30. Kg3 {[%clk 0:15:00]} Qxc3 {[%clk 0:23:34]} 31. Kh3 {[%clk
0:13:52]} Rxf3+ {[%clk 0:23:31]} 0-1